| 000 | 00959cam a22002771 4500 | ||
|---|---|---|---|
| 001 | 14974 | ||
| 003 | BD-RjUL | ||
| 005 | 20211208235728.0 | ||
| 008 | 140209s1964 ne a b 001 0 eng | ||
| 035 | _a(BD-RjUL)15028 | ||
| 040 |
_aDLC _cDLC _dDLC _dBD-RjUL _beng |
||
| 041 | _aeng | ||
| 082 | 0 | 0 |
_a547 _bROD 1960 |
| 245 | 0 | 0 |
_aRodd's Chemistry of carbon compounds : _bA modern comprehensive treatise / _cEdited by S. Coffey. _nVolume 1 : _pPart A : _pGeneral Introduction Hydrocarbons Halogen Derivatives. |
| 250 | _a2d ed., | ||
| 260 |
_aAmsterdam; _aNew York : _bElsevier Pub. Co., _cc1964. |
||
| 300 |
_axviii, 569 p. : _bill. ; _c24 cm. |
||
| 504 | _aIncludes indexes and bibliographical references. | ||
| 650 | 0 |
_aChemistry, Organic. _946600 |
|
| 650 | 0 |
_aCarbon compounds. _931944 |
|
| 700 | 1 |
_aCoffey, S. _q(Samuel) _934916 |
|
| 730 | 0 |
_aChemistry of carbon compounds. _946611 |
|
| 942 |
_2ddc _cBK |
||
| 999 |
_c14974 _d14974 |
||